Debut & 'Best' Novels Quiz Stats

 Plays Quiz Updated Apr 17, 2018

Challenge
Share
Tweet
Embed
Score 0/22 Timer 07:00
1 Play Today
% Correct
Salinger, J.D.
89.6%
Heller, Joseph
82.3%
Golding, William
82.1%
Joyce, James
68.7%
Ellison, Ralph
63.6%
Miller, Henry
56.1%
McCullers, Carson
49.5%
Mailer, Norman
47.4%
Baldwin, James
46.6%
Wright, Richard
40.7%
Dreiser, Theodore
40.2%
% Correct
Dickey, James
33%
Cain, James M.
28.2%
Bowles, Paul
24.8%
Jones, James
23.5%
Cheever, John
22.6%
O'Hara, John
20.6%
Donleavy, J.P.
20.4%
Murdoch, Iris
20.3%
Percy, Walker
19.7%
Farrell, James T.
16%
Hughes, Richard
13.1%

You're not logged in!

Compare scores with friends on all Sporcle quizzes.
Join for Free
OR
Log In

You Might Also Like...

Show Comments

Extras

Top Quizzes Today


Score Distribution

Your Account Isn't Verified!

In order to create a playlist on Sporcle, you need to verify the email address you used during registration. Go to your Sporcle Settings to finish the process.

Report this User

Report this user for behavior that violates our Community Guidelines.

Details: